| 000 | 00867nam a2200277 a 4500 | ||
|---|---|---|---|
| 001 | 2833 | ||
| 003 | BD-DhEWU | ||
| 005 | 20170605155447.0 | ||
| 008 | 170605s2017 ii a g b 000 0 eng d | ||
| 020 | _a9788183298773 | ||
| 040 |
_aBD-DhEWU _dBD-DhEWU _beng _cBD-DhEWU |
||
| 041 | _aeng | ||
| 082 | 0 | 4 |
_a025.04 _bLIB 2017 _223 |
| 245 | 0 |
_aLibraries and institutional repositories : _brecent trends / _cedited by Shabahat Husain and P.M Naushad Ali. |
|
| 260 |
_aNew Delhi : _bShree Publishers, _c2017. |
||
| 300 |
_aviii, 224 p. : _bill ; _c22 cm. |
||
| 504 | _aIncludes bibliographical references. | ||
| 526 | _aDIS | ||
| 590 | _aSagar Shahanawaz | ||
| 650 |
_aInstitutional repositories. _920905 |
||
| 650 |
_aDigital libraries. _920906 |
||
| 655 |
_a _920907 |
||
| 700 | 1 |
_aHusain, Shabahat. _920908 |
|
| 700 | 1 |
_aAli, P.M Naushad. _920909 |
|
| 942 |
_cTEXT _2ddc |
||
| 999 |
_c2833 _d2833 |
||